000
00301nam a22001097a 4500
082
_a
658.4034 CHU'I
100
_a
CHURCHMAN, C. WEST,ARNOFF, E LEONARDO,ACKOFF, RUSSELL L
_9
58433
245
_a
INTRODUCTION TO OPERATIONS RESEARCH
260
_a
NEWYORK
_b
JOHN WILEY
_c
1961
300
_a
645P
942
_c
BK
999
_c
568634
_d
568634